Sobre el militarismo en centroamerica

Shranjeno v:
Bibliografske podrobnosti
Glavni avtor: Frazer, Donald
Format: Texto
Izdano: s.l.: s.e.
Oznake: Označite
Brez oznak, prvi označite!

MARC

LEADER 00000 a a2200000 04500
001 23155
003
040
090 |a 159900  
100 |a Frazer, Donald  
245 |a Sobre el militarismo en centroamerica  
260 |a s.l.:   |b s.e.  
300 |a 8 p.  
999 |c 15221  |d 15221